Terraria Bosses - Statistics

General Stats
  • This quiz has been taken 91 times
  • The average score is 22 of 27
Answer Stats
Hint Answer % Correct
Generally considered the easiest boss King Slime
98%
Bee boss Queen Bee
98%
This boss must be defeated to enter the Dungeon Skeletron
98%
Mechanical Boss that has 4 ‘hands’ Skeletron Prime
96%
Two mechanical eyes The Twins
96%
The Corruption themed boss Eater of Worlds
95%
The first boss many will fight Eye of Cthulhu
95%
The guardian of said temple that is underwhelming Golem
95%
Considered the easiest Mechanical Boss The Destroyer
95%
The Crimson themed boss Brain of Cthulhu
94%
Final Boss Moon Lord
94%
This boss must be defeated to enter Hardmode Wall of Flesh
94%
Must be defeated to enter the Jungle Temple Plantera
93%
Initiates the Lunar Events when defeated Lunatic Cultist
89%
Magic Pillar that appears during Lunar Events Nebula Pillar
78%
Melee Pillar that appears during Lunar Events Solar Pillar
78%
Ranged Pillar that appears during Lunar Events Vortex Pillar
78%
A boss that is similar to Pigron Duke Fishron
76%
Summoner Pillar that appears during Lunar Events Stardust Pillar
75%
The head of the Frost Moon Ice Queen
68%
Mini-boss that appears during the Pirate Invasion Flying Dutchman
66%
Mini-boss that appears in the Pumpkin Moon Pumpking
65%
Mini-boss that appears during the Martian Invasion Martian Saucer
63%
Another tree-based mini-boss that appears during Frost Moon Everscream
58%
Tree-based mini-boss that appears in the Pumpkin Moon Mourning Wood
56%
Robot that appears during Frost Moon Santa-NK1
56%
Mini-boss that appears in the Goblin Invasion during Hardmode Goblin Summoner
25%
No matching quizzes found
Score Distribution
Percent of People with Each Score
Percentile by Number Answered
Your Score History
You have not taken this quiz